000 00300nam a22001097a 4500
008 160425b xxu||||| |||| 00| 0 eng d
020 _a0534564674
041 _aeng
080 _a612.39
245 1 0 _aNutrition eighth edition concepts controversies:
_cFrances Sizer; Eleanor Whitnery;
942 _2udc
_cBK
999 _c1561
_d1561